00986cpcaa2200277 a 4500001001300000003000400013005001700017008004100034010001700075040002400092072001200116100003200128245005800160300001300218506002200231520010800253545001900361546003600380580005700416600002100473610007600494651004900570651005000619656002200669999001700691mm 80002969 DLC20260227111701.0800115|||||||||||| eng  amm 80002969  aDLCcDLCdDLCedacs 7aW2lcmd1 aWalker, Nicholas,csoldier.00aNicholas Walker military discharge,f1864 October 17. a1fitem.0 aOpen to research.8 aWalker's discharge from service in the 74th Pennsylvania Infantry Regiment. Signed by James C. Morrow.0 aUnion soldier. aCollection material in English. aForms part of: Miscellaneous Manuscripts collection.10aMorrow, James C.10aUnited States.bArmy.bPennsylvania Infantry Regiment, 74th (1861-1865) 0aPennsylvaniaxHistoryyCivil War, 1861-1865. 0aUnited StatesxHistoryyCivil War, 1861-1865. 7aSoldiers.2itoamc c42633d42633